Math Subtraction Problems (Integers 1 - 300) - Statistics

General Stats
  • This quiz has been taken 275 times
  • The average score is 10 of 10
Answer Stats
Problem Answer % Correct
37 - 25 = 12
99%
247 - 193 = 54
99%
123 - 14 = 109
97%
292 - 62 = 230
97%
273 - 229 = 44
97%
144 - 91 = 53
97%
158 - 59 = 99
97%
207 - 54 = 153
96%
121 - 89 = 32
96%
180 - 97 = 83
96%
No matching quizzes found
Score Distribution
Percent of People with Each Score
Percentile by Number Answered
Your Score History
You have not taken this quiz